Örökség és innováció, avagy a családi vállalkozások helyzete a magyar gazdasági környezetben

Bibliográfiai részletek
Szerző: Pap-Gyurits Diána
További közreműködők: Németh Krisztina
Dokumentumtípus: Diplomadolgozat
Kulcsszavak:Családi vállalkozás
Generációváltás
Utódlás
Online Access:http://dolgozattar.uni-bge.hu/9182

MARC

LEADER 00000nta a2200000 i 4500
001 dolg9182
005 20161217100024.0
008 161217suuuu hu om 000 hun d
040 |a BGE Dolgozattár Repozitórium  |b hun 
041 |a hu 
100 1 |a Pap-Gyurits Diána 
245 1 0 |a Örökség és innováció, avagy a családi vállalkozások helyzete a magyar gazdasági környezetben  |c Pap-Gyurits Diána  |h [elektronikus dokumentum] 
246 1 1 |a Örökség és innováció, avagy a családi vállalkozások helyzete a magyar gazdasági környezetben 
695 |a Családi vállalkozás 
695 |a Generációváltás  
695 |a Utódlás 
700 1 |a Németh Krisztina  |e ths 
856 4 0 |u http://dolgozattar.uni-bge.hu/9182/1/Pap-GyuritsDi%C3%A1na.pdf  |z Dokumentum-elérés